All Features On Playboi Carti’s Albums - Statistics

General Stats
  • This quiz has been taken 781 times
  • The average score is 15 of 19
Answer Stats
Album Song Feature % Correct
Playboi Carti Lookin Lil Uzi Vert
98%
Playboi Carti wokeuplikethis* Lil Uzi Vert
98%
Die Lit Shoota Lil Uzi Vert
98%
Whole Lotta Red Go2DaMoon Kanye West
97%
Die Lit Love Hurts Travis Scott
89%
Whole Lotta Red Teen X Future
86%
Whole Lotta Red M3tamorphosis Kid Cudi
86%
Playboi Carti New Choppa A$AP Rocky
83%
Die Lit Poke It Out Nicki Minaj
83%
Die Lit Lean 4 Real Skepta
78%
Die Lit Fell In Luv Bryson Tiller
75%
Die Lit Right Now Pi’erre Bourne
72%
Die Lit Top Pi’erre Bourne
72%
Die Lit Mileage Chief Keef
71%
Die Lit No Time Gunna
71%
Die Lit Choppa Won’t Miss Young Thug
70%
Die Lit R.I.P. Fredo Young Nudy
62%
Playboi Carti Flex Leven Kali
44%
Die Lit Middle Of The Summer Redd Coldhearted
43%
No matching quizzes found
Score Distribution
Percent of People with Each Score
Percentile by Number Answered
Your Score History
You have not taken this quiz